<?xml version="1.0" encoding="UTF-8"?><?xml-stylesheet type="text/xsl" href="static/style.xsl"?><OAI-PMH xmlns="http://www.openarchives.org/OAI/2.0/" xmlns:xsi="http://www.w3.org/2001/XMLSchema-instance" xsi:schemaLocation="http://www.openarchives.org/OAI/2.0/ http://www.openarchives.org/OAI/2.0/OAI-PMH.xsd"><responseDate>2026-06-01T12:18:51Z</responseDate><request verb="GetRecord" identifier="oai:riuma.uma.es:10630/34518" metadataPrefix="marc">https://riuma.uma.es/rest/oai/request</request><GetRecord><record><header><identifier>oai:riuma.uma.es:10630/34518</identifier><datestamp>2026-02-03T10:26:54Z</datestamp><setSpec>com_10630_1685</setSpec><setSpec>col_10630_38055</setSpec></header><metadata><record xmlns="http://www.loc.gov/MARC21/slim" xmlns:dcterms="http://purl.org/dc/terms/" xmlns:doc="http://www.lyncode.com/xoai" xmlns:xsi="http://www.w3.org/2001/XMLSchema-instance" xsi:schemaLocation="http://www.loc.gov/MARC21/slim http://www.loc.gov/standards/marcxml/schema/MARC21slim.xsd">
   <leader>00925njm 22002777a 4500</leader>
   <datafield ind2=" " ind1=" " tag="042">
      <subfield code="a">dc</subfield>
   </datafield>
   <datafield ind2=" " ind1=" " tag="720">
      <subfield code="a">Lucero Sánchez, Carlos</subfield>
      <subfield code="e">author</subfield>
   </datafield>
   <datafield ind2=" " ind1=" " tag="260">
      <subfield code="c">2024</subfield>
   </datafield>
   <datafield ind2=" " ind1=" " tag="520">
      <subfield code="a">Este trabajo analiza el impacto de la turistificación en Sevilla,&#xd;
con un enfoque especial en la proliferación de las Viviendas de Uso Turístico&#xd;
(VUT). A través del estudio del mercado inmobiliario, se exploran los efectos del&#xd;
turismo en el aumento de los precios de la vivienda y el alquiler, destacando la&#xd;
polarización entre los barrios céntricos y las áreas periféricas. Se examina cómo&#xd;
la expansión de las VUT ha transformado el panorama urbano y ha contribuido&#xd;
a la gentrificación y al desplazamiento de la población local hacia municipios&#xd;
cercanos más asequibles. Además, se discuten los movimientos reaccionarios&#xd;
de los residentes y las respuestas regulatorias que han surgido en un intento de&#xd;
equilibrar el desarrollo turístico con la calidad de vida de los habitantes.</subfield>
   </datafield>
   <datafield ind1="8" ind2=" " tag="024">
      <subfield code="a">https://hdl.handle.net/10630/34518</subfield>
   </datafield>
   <datafield tag="653" ind2=" " ind1=" ">
      <subfield code="a">Turismo</subfield>
   </datafield>
   <datafield tag="653" ind2=" " ind1=" ">
      <subfield code="a">Viviendas-Alquiler</subfield>
   </datafield>
   <datafield tag="653" ind2=" " ind1=" ">
      <subfield code="a">Negocios</subfield>
   </datafield>
   <datafield tag="653" ind2=" " ind1=" ">
      <subfield code="a">Economía aplicada</subfield>
   </datafield>
   <datafield ind2="0" ind1="0" tag="245">
      <subfield code="a">Impacto de las Viviendas de Uso Turístico en el mercado de vivienda de Sevilla.</subfield>
   </datafield>
</record>
</metadata></record></GetRecord></OAI-PMH>